| 000 | 00822cab a2200289 4500 | ||
|---|---|---|---|
| 001 | ABS58548 | ||
| 008 | 090401t1998 xxu||||| |||| 00| 0 eng d | ||
| 035 | _a(Sirsi) u85812 | ||
| 041 | _aeng | ||
| 245 | _aFocus `98: M4 junctions 1-9 | ||
| 260 | _c1998 | ||
| 350 | _a0 | ||
| 490 |
_aEstates Gazette _v(9816) 18 April 1998, 83(125(15) |
||
| 650 | _aBRENTFORD | ||
| 650 | _aHAMMERSMITH | ||
| 650 | _aHEATHROW | ||
| 650 | _aM4 CORRIDOR | ||
| 650 | _aMAIDENHEAD | ||
| 650 | _aPROPERTY-COMMERCIAL PROPERTY-OFFICE PROPERTY-OFFICE PROPERTY MARKET | ||
| 650 | _aPROPERTY-COMMERCIAL PROPERTY-RETAIL PROPERTY-RETAIL PROPERTY MARKET | ||
| 650 | _aSLOUGH | ||
| 650 | _aTERMINAL 5 | ||
| 650 | _aWINDSOR | ||
| 690 | _aPROPERTY-COMMERCIAL PROPERTY-COMMERCIAL PROPERTY MARKET | ||
| 942 | _n0 | ||
| 948 | _c27/04/1998 | ||
| 999 |
_c53976 _d53976 |
||